[Event "Polgar Challenge 2021"]
[Site "Online"]
[Date "2021.04.04"]
[Round "12.2"]
[White "Murzin, Volodar"]
[Black "Khademalsharieh, Sarasadat"]
[Result "1-0"]
[WhiteElo "2478"]
[BlackElo "2494"]
[Annotator "ChessBase"]
[PlyCount "101"]
[EventDate "2021.04.08"]
[EventType "tourn"]
[EventCountry "NET"]
[SourceTitle "playchess.com"]
[Source "ChessBase"]
[SourceQuality "1"]
[TimeControl "600+5"]

1. e4 {[%emt 0:00:00]} e5 {[%emt 0:00:00]} 2. Nf3 {[%emt 0:00:00]} Nc6 {[%emt 0:00:00]} 3. Bb5 {[%emt 0:00:00]} a6 {[%emt 0:00:00]} 4. Ba4 {[%emt 0:00:01]} Nf6 {[%emt 0:00:00]} 5. O-O {[%emt 0:00:01]} b5 {[%emt 0:00:00]} 6. Bb3 {[%emt 0:00:03]} Bc5 {[%emt 0:00:01]} 7. c3 {[%emt 0:00:02]} d6 {[%emt 0:00:01]} 8. d4 {[%emt 0:00:02]} Bb6 {[%emt 0:00:02]} 9. Be3 {[%emt 0:00:02]} Bg4 {[%emt 0:00:36]} 10. Nbd2 {[%emt 0:00:03]} O-O {[%emt 0:00:37]} 11. h3 {[%emt 0:00:06]} Bh5 {[%emt 0:00:37]} 12. dxe5 {[%emt 0:00:05]} Nxe5 {[%emt 0:00:39]} 13. Bxb6 {[%emt 0:00:03]} cxb6 {[%emt 0:00:04]} 14. g4 {[%emt 0:00:03]} Bg6 {[%emt 0:00:14]} 15. Nd4 {[%emt 0:00:06]} Nxe4 {[%emt 0:01:36]} 16. f4 {[%emt 0:00:10]} Qh4 {[%emt 0:00:12]} 17. Nxe4 {[%emt 0:00:06]} Bxe4 {[%emt 0:00:03]} 18. Qe1 {[%emt 0:00:01]} Qxh3 {[%emt 0:01:49]} 19. Qxe4 {[%emt 0:00:03]} Nxg4 {[%emt 0:00:01]} 20. Qg2 {[%emt 0:00:02]} Qxg2+ {[%emt 0:00:03]} 21. Kxg2 {[%emt 0:00:00]} Ne3+ {[%emt 0:00:01]} 22. Kf3 {[%emt 0:00:01]} Nxf1 {[%emt 0:00:01]} 23. Rxf1 {[%emt 0:00:00]} g6 {[%emt 0:00:16]} 24. Rd1 {[%emt 0:00:07]} Rad8 {[%emt 0:00:09]} 25. Nc6 {[%emt 0:00:24]} Rd7 {[%emt 0:00:03]} 26. Nb4 {[%emt 0:00:03]} a5 {[%emt 0:00:58]} 27. Nd5 {[%emt 0:00:02]} Rb7 {[%emt 0:00:03]} 28. f5 {[%emt 0:00:47]} gxf5 {[%emt 0:00:17]} 29. Bc2 {[%emt 0:00:33]} Rc8 {[%emt 0:01:07]} 30. Bxf5 {[%emt 0:00:06]} Rc5 {[%emt 0:00:03]} 31. Be4 {[%emt 0:00:20]} Rb8 {[%emt 0:00:04]} 32. Nf6+ {[%emt 0:00:03]} Kg7 {[%emt 0:00:08]} 33. Nd7 {[%emt 0:00:04]} Rd8 {[%emt 0:00:02]} 34. Rg1+ {[%emt 0:00:34]} Kh8 {[%emt 0:00:08]} 35. Nxc5 {[%emt 0:00:07]} dxc5 {[%emt 0:00:09]} 36. Ke3 {[%emt 0:00:25]} Rd6 {[%emt 0:00:02]} 37. Rg2 {[%emt 0:00:21]} h6 {[%emt 0:00:11]} 38. Kf4 {[%emt 0:01:14]} Rd1 {[%emt 0:00:57]} 39. Ke5 {[%emt 0:00:13]} Re1 {[%emt 0:00:02]} 40. Kd5 {[%emt 0:00:09]} Rf1 {[%emt 0:00:40]} 41. Kc6 {[%emt 0:00:16]} f5 {[%emt 0:00:41]} 42. Bd3 {[%emt 0:00:03]} Ra1 {[%emt 0:00:05]} 43. Bxf5 {[%emt 0:00:44]} Rxa2 {[%emt 0:00:04]} 44. Kxb5 {[%emt 0:00:03]} a4 {[%emt 0:00:02]} 45. Be6 {[%emt 0:00:02]} Ra1 {[%emt 0:00:08]} 46. Kxb6 {[%emt 0:00:01]} Re1 {[%emt 0:00:05]} 47. Bd5 {[%emt 0:00:11]} Rc1 {[%emt 0:00:24]} 48. Kxc5 {[%emt 0:00:21]} a3 {[%emt 0:00:01]} 49. Kb4 {[%emt 0:00:15]} axb2 {[%emt 0:00:07]} 50. Rxb2 {[%emt 0:00:02]} Kg7 {[%emt 0:00:06]} 51. c4 {[%emt 0:00:07]} 1-0

[Event "Polgar Challenge 2021"]
[Site "Online"]
[Date "2021.04.04"]
[Round "12.3"]
[White "Mammadzada, Gunay"]
[Black "Abdumalik, Zhansaya"]
[Result "1-0"]
[WhiteElo "2443"]
[BlackElo "2472"]
[Annotator "ChessBase"]
[PlyCount "103"]
[EventDate "2021.04.08"]
[EventType "tourn"]
[EventCountry "NET"]
[SourceTitle "playchess.com"]
[Source "ChessBase"]
[SourceQuality "1"]
[TimeControl "600+5"]

1. e4 {[%emt 0:00:00]} e5 {[%emt 0:00:00]} 2. Nf3 {[%emt 0:00:00]} Nc6 {[%emt 0:00:00]} 3. Bb5 {[%emt 0:00:00]} a6 {[%emt 0:00:00]} 4. Ba4 {[%emt 0:00:00]} Nf6 {[%emt 0:00:00]} 5. O-O {[%emt 0:00:03]} Be7 {[%emt 0:00:00]} 6. Re1 {[%emt 0:00:01]} b5 {[%emt 0:00:00]} 7. Bb3 {[%emt 0:00:02]} O-O {[%emt 0:00:01]} 8. c3 {[%emt 0:00:10]} d5 {[%emt 0:00:28]} 9. exd5 {[%emt 0:00:04]} Nxd5 {[%emt 0:00:01]} 10. Nxe5 {[%emt 0:00:01]} Nxe5 {[%emt 0:00:01]} 11. Rxe5 {[%emt 0:00:01]} c6 {[%emt 0:00:01]} 12. d3 {[%emt 0:00:01]} Bd6 {[%emt 0:00:10]} 13. Re1 {[%emt 0:00:02]} Bf5 {[%emt 0:00:00]} 14. Qf3 {[%emt 0:00:05]} Qd7 {[%emt 0:00:06]} 15. Bxd5 {[%emt 0:01:28]} cxd5 {[%emt 0:00:02]} 16. Bf4 {[%emt 0:00:04]} Bxf4 {[%emt 0:00:09]} 17. Qxf4 {[%emt 0:00:01]} Bxd3 {[%emt 0:00:03]} 18. Nd2 {[%emt 0:00:03]} d4 {[%emt 0:00:20]} 19. cxd4 {[%emt 0:01:27]} Rad8 {[%emt 0:00:02]} 20. Nf3 {[%emt 0:00:07]} Bc4 {[%emt 0:00:06]} 21. b3 {[%emt 0:01:19]} Bd5 {[%emt 0:00:04]} 22. Rad1 {[%emt 0:00:02]} Qb7 {[%emt 0:00:21]} 23. Re3 {[%emt 0:00:11]} a5 {[%emt 0:00:29]} 24. Nh4 {[%emt 0:00:18]} Rfe8 {[%emt 0:00:36]} 25. Nf5 {[%emt 0:00:22]} Rxe3 {[%emt 0:00:03]} 26. fxe3 {[%emt 0:00:45]} g6 {[%emt 0:01:49]} 27. Rc1 {[%emt 0:00:24]} Qd7 {[%emt 0:00:33]} 28. Qg5 {[%emt 0:01:53]} Re8 {[%emt 0:00:44]} 29. Rf1 {[%emt 0:00:29]} Qd8 {[%emt 0:01:19]} 30. Qxd8 {[%emt 0:01:19]} Rxd8 {[%emt 0:00:01]} 31. Ne7+ {[%emt 0:00:02]} Kg7 {[%emt 0:00:01]} 32. Nxd5 {[%emt 0:00:04]} Rxd5 {[%emt 0:00:00]} 33. Rc1 {[%emt 0:00:05]} a4 {[%emt 0:00:05]} 34. b4 {[%emt 0:00:04]} f5 {[%emt 0:00:14]} 35. Rc5 {[%emt 0:00:42]} Rd7 {[%emt 0:00:07]} 36. Rxb5 {[%emt 0:00:10]} f4 {[%emt 0:00:01]} 37. Kf2 {[%emt 0:00:02]} fxe3+ {[%emt 0:00:33]} 38. Kxe3 {[%emt 0:00:00]} Re7+ {[%emt 0:00:00]} 39. Re5 {[%emt 0:00:01]} Rc7 {[%emt 0:00:01]} 40. Kd3 {[%emt 0:00:19]} Rc1 {[%emt 0:00:04]} 41. Ra5 {[%emt 0:00:06]} Rd1+ {[%emt 0:00:05]} 42. Kc4 {[%emt 0:00:03]} Rd2 {[%emt 0:00:03]} 43. Rxa4 {[%emt 0:00:02]} Rxg2 {[%emt 0:00:00]} 44. b5 {[%emt 0:00:01]} Rxh2 {[%emt 0:00:04]} 45. b6 {[%emt 0:00:05]} Rc2+ {[%emt 0:00:01]} 46. Kb5 {[%emt 0:00:12]} Rc8 {[%emt 0:00:25]} 47. Rc4 {[%emt 0:00:01]} Rb8 {[%emt 0:00:02]} 48. a4 {[%emt 0:00:03]} h5 {[%emt 0:00:01]} 49. a5 {[%emt 0:00:01]} h4 {[%emt 0:00:01]} 50. a6 {[%emt 0:00:01]} h3 {[%emt 0:00:00]} 51. a7 {[%emt 0:00:03]} Rh8 {[%emt 0:00:06]} 52. Rc1 {[%emt 0:00:04]} 1-0

[Event "Polgar Challenge 2021"]
[Site "Online"]
[Date "2021.04.04"]
[Round "12.4"]
[White "Nihal Sarin"]
[Black "Mendonca, Leon Luke"]
[Result "1/2-1/2"]
[WhiteElo "2620"]
[BlackElo "2549"]
[Annotator "TA"]
[PlyCount "91"]
[EventDate "2021.04.08"]
[EventType "tourn"]
[EventCountry "NET"]
[SourceTitle "playchess.com"]
[Source "ChessBase"]
[SourceQuality "1"]

{[%evp 9,91,-36,-35,-56,-57,-53,-52,-64,-63,-65,-74,-72,-68,-75,-67,-77,-72,-72,-68,-79,-69,-67,-59,-66,-46,-76,0,0,52,51,52,75,45,33,33,0,0,-77,0,0,0,0,0,0,0,0,0,0,7,7,31,0,47,0,0,0,0,0,0,0,0,0,0,0,0,0,0,0,0,0,0,0,0,0,0,0,0,0,0,0,0,0,0,0]} 1. d4 Nf6 2. c4 c6 3. Bf4 Qb6 4. Nc3 Qxb2 {[#]} 5. Bd2 $146 ({Predecessor:} 5. Rc1 d6 6. e4 e5 7. Be3 Ng4 8. Bd2 exd4 9. Na4 Qa3 10. Rb1 c5 11. Bc1 Qxa2 {1-0 (48) Agopov,M (2431)-Solozhenkin,E (2457) Helsinki 2014}) 5... Qb6 6. Nf3 {A50: Queen's Fianchetto Defence (1 d4 Nf6 2 c4 b6).} d6 7. Rb1 Qc7 8. e4 {Black is slightly better.} e5 9. h3 Nbd7 10. Be2 Be7 11. O-O O-O 12. Be3 exd4 13. Nxd4 Re8 14. f4 Bf8 15. Qc2 Nc5 {[%cal Rf6e4]} 16. Bf3 Qe7 {[%cal Rf6e4]} (16... g6 {is interesting.} 17. Rfe1 Nfd7 18. Nb3 b6 19. Bf2 Bh6) 17. Rbe1 Nfxe4 (17... Ncxe4 $2 18. Bf2 $18) (17... Nfd7 $17) 18. Nxc6 $1 $11 bxc6 (18... Qd7 $1 $11 19. Nxe4 bxc6) 19. Bxc5 $14 {[%cal Rf3e4]} dxc5 20. Bxe4 Qd7 21. Bxh7+ Kh8 22. Be4 (22. Rd1 {feels hotter.} Qe7 23. Bd3 Ba6 24. Kh2 Rad8 25. Rfe1) 22... Ba6 23. Qf2 (23. Rd1 $11 {keeps the balance.} Qe6 24. Qa4 Qxc4 25. Qxc4 Bxc4 26. Bxc6 {[%mdl 64] Double Attack}) 23... Qd4 ({Black should play} 23... f5 $17 24. Rd1 Qe6) 24. Bxc6 $11 Rxe1 25. Rxe1 Rc8 26. Bb5 Bxb5 27. Nxb5 Qxc4 28. Nxa7 Ra8 {[#] Threatens to win with ...Qa4.} 29. Nc6 Kg8 (29... Qd5 $5 {[%cal Rd5c6]} 30. Ne7 Qd4 $14) 30. Re2 Qd5 31. Ne5 c4 {The position is equal.} 32. Qf3 Qd1+ 33. Kh2 c3 $1 34. Qxa8 Qxe2 35. Qd5 c2 {[#] ...Qxe5! is the strong threat.} 36. Qxf7+ Kh7 37. Qf5+ Kg8 38. Qe6+ Kh7 39. Qc6 {Strongly threatening Nf3.} Qd1 40. Qg6+ Kg8 $1 ({But not} 40... Kh8 $2 41. Nf7+ Kg8 42. Ng5 $18) 41. Qf7+ Kh7 42. Qf5+ Kg8 43. Qe6+ Kh7 44. Qg6+ Kg8 $1 ({Wrong is} 44... Kh8 $2 45. Nf7+ Kg8 46. Ng5 $18) 45. Qe6+ Kh7 46. Qg6+ {Weighted Error Value: White=0.09/Black=0.08} 1/2-1/2

[Event "Polgar Challenge 2021"]
[Site "Online"]
[Date "2021.04.04"]
[Round "12.5"]
[White "Badelka, Olga"]
[Black "Keymer, Vincent"]
[Result "0-1"]
[WhiteElo "2433"]
[BlackElo "2591"]
[Annotator "ChessBase"]
[PlyCount "86"]
[EventDate "2021.04.08"]
[EventType "tourn"]
[EventCountry "NET"]
[SourceTitle "playchess.com"]
[Source "ChessBase"]
[SourceQuality "1"]
[TimeControl "600+5"]

1. Nf3 {[%emt 0:00:00]} d5 {[%emt 0:00:00]} 2. g3 {[%emt 0:00:00]} Bg4 {[%emt 0:00:00]} 3. Bg2 {[%emt 0:00:00]} c6 {[%emt 0:00:00]} 4. h3 {[%emt 0:00:03]} Bh5 {[%emt 0:00:07]} 5. O-O {[%emt 0:00:02]} Nd7 {[%emt 0:00:04]} 6. d4 {[%emt 0:00:02]} Ngf6 {[%emt 0:00:06]} 7. c4 {[%emt 0:00:02]} e6 {[%emt 0:00:03]} 8. cxd5 {[%emt 0:00:05]} exd5 {[%emt 0:00:01]} 9. Nh4 {[%emt 0:00:01]} Bg6 {[%emt 0:00:19]} 10. Nc3 {[%emt 0:00:11]} Be7 {[%emt 0:00:19]} 11. Nxg6 {[%emt 0:00:19]} hxg6 {[%emt 0:00:02]} 12. Bf4 {[%emt 0:00:24]} O-O {[%emt 0:00:12]} 13. Qd2 {[%emt 0:00:29]} Re8 {[%emt 0:00:17]} 14. h4 {[%emt 0:00:11]} Nf8 {[%emt 0:00:07]} 15. Qd3 {[%emt 0:00:47]} a5 {[%emt 0:00:44]} 16. Rad1 {[%emt 0:00:05]} Bd6 {[%emt 0:00:20]} 17. e3 {[%emt 0:02:20]} Be7 {[%emt 0:01:00]} 18. Bf3 {[%emt 0:00:16]} Ne6 {[%emt 0:00:09]} 19. Kg2 {[%emt 0:00:10]} Nxf4+ {[%emt 0:00:50]} 20. exf4 {[%emt 0:00:01]} Qd7 {[%emt 0:00:02]} 21. Rh1 {[%emt 0:00:25]} Qf5 {[%emt 0:00:05]} 22. h5 {[%emt 0:01:26]} Qxd3 {[%emt 0:00:21]} 23. Rxd3 {[%emt 0:00:00]} gxh5 {[%emt 0:00:15]} 24. Bxh5 {[%emt 0:00:03]} g6 {[%emt 0:00:17]} 25. Bd1 {[%emt 0:01:03]} Nd7 {[%emt 0:01:07]} 26. f5 {[%emt 0:01:07]} Bf6 {[%emt 0:01:05]} 27. fxg6 {[%emt 0:00:02]} fxg6 {[%emt 0:00:00]} 28. Ne2 {[%emt 0:00:33]} Nf8 {[%emt 0:00:34]} 29. Kf1 {[%emt 0:01:18]} Ra6 {[%emt 0:00:55]} 30. Rb3 {[%emt 0:00:03]} Re7 {[%emt 0:00:04]} 31. Bc2 {[%emt 0:00:05]} Kg7 {[%emt 0:00:13]} 32. g4 {[%emt 0:00:13]} a4 {[%emt 0:00:49]} 33. Rg3 {[%emt 0:00:04]} Rf7 {[%emt 0:01:46]} 34. Re3 {[%emt 0:00:18]} Rb6 {[%emt 0:00:06]} 35. b3 {[%emt 0:00:04]} axb3 {[%emt 0:00:02]} 36. axb3 {[%emt 0:00:02]} Rb4 {[%emt 0:00:07]} 37. Rd3 {[%emt 0:00:12]} Ne6 {[%emt 0:00:28]} 38. g5 {[%emt 0:00:01]} Bxd4 {[%emt 0:00:03]} 39. Nxd4 {[%emt 0:00:26]} Rxd4 {[%emt 0:00:01]} 40. Rg3 {[%emt 0:00:03]} Rd2 {[%emt 0:00:03]} 41. Bxg6 {[%emt 0:00:14]} Rfxf2+ {[%emt 0:00:10]} 42. Kg1 {[%emt 0:00:01]} Rfe2 {[%emt 0:00:05]} 43. Rh7+ {[%emt 0:00:17]} Kxg6 {[%emt 0:00:03]} 0-1

[Event "Polgar Challenge 2021"]
[Site "Online"]
[Date "2021.04.04"]
[Round "12.6"]
[White "Lei, Tingjie"]
[Black "Gukesh D"]
[Result "1/2-1/2"]
[WhiteElo "2505"]
[BlackElo "2578"]
[Annotator "ChessBase"]
[PlyCount "107"]
[EventDate "2021.04.08"]
[EventType "tourn"]
[EventCountry "NET"]
[SourceTitle "playchess.com"]
[Source "ChessBase"]
[SourceQuality "1"]
[TimeControl "600+5"]

1. e4 {[%emt 0:00:00]} c5 {[%emt 0:00:00]} 2. Nf3 {[%emt 0:00:00]} d6 {[%emt 0:00:00]} 3. d4 {[%emt 0:00:00]} cxd4 {[%emt 0:00:00]} 4. Nxd4 {[%emt 0:00:01]} Nf6 {[%emt 0:00:00]} 5. Nc3 {[%emt 0:00:01]} a6 {[%emt 0:00:01]} 6. a4 {[%emt 0:00:01]} g6 {[%emt 0:00:18]} 7. Be2 {[%emt 0:00:05]} Bg7 {[%emt 0:00:02]} 8. O-O {[%emt 0:00:03]} O-O {[%emt 0:00:03]} 9. Be3 {[%emt 0:00:05]} Nc6 {[%emt 0:00:29]} 10. Qd2 {[%emt 0:00:18]} Bd7 {[%emt 0:00:09]} 11. f4 {[%emt 0:01:52]} Nxd4 {[%emt 0:00:18]} 12. Bxd4 {[%emt 0:00:04]} Bc6 {[%emt 0:00:01]} 13. Bf3 {[%emt 0:00:03]} Nd7 {[%emt 0:01:15]} 14. Bxg7 {[%emt 0:00:04]} Kxg7 {[%emt 0:00:02]} 15. a5 {[%emt 0:00:21]} b5 {[%emt 0:00:58]} 16. e5 {[%emt 0:02:03]} Rc8 {[%emt 0:01:35]} 17. exd6 {[%emt 0:01:51]} Nf6 {[%emt 0:00:12]} 18. Rad1 {[%emt 0:00:49]} Qxd6 {[%emt 0:02:57]} 19. Qxd6 {[%emt 0:00:46]} exd6 {[%emt 0:00:01]} 20. Rd2 {[%emt 0:00:06]} Rfe8 {[%emt 0:01:08]} 21. Na2 {[%emt 0:01:33]} Bxf3 {[%emt 0:01:07]} 22. Rxf3 {[%emt 0:00:03]} Ne4 {[%emt 0:00:37]} 23. Re2 {[%emt 0:00:21]} Ng5 {[%emt 0:00:03]} 24. Rfe3 {[%emt 0:00:01]} Rxe3 {[%emt 0:00:02]} 25. Rxe3 {[%emt 0:00:01]} Ne6 {[%emt 0:00:02]} 26. Nb4 {[%emt 0:00:05]} Rc4 {[%emt 0:00:23]} 27. c3 {[%emt 0:00:08]} Rxf4 {[%emt 0:00:09]} 28. Rd3 {[%emt 0:00:08]} Re4 {[%emt 0:00:14]} 29. Kf2 {[%emt 0:00:21]} Nc5 {[%emt 0:00:01]} 30. Rd1 {[%emt 0:00:23]} Kf8 {[%emt 0:00:09]} 31. Kf3 {[%emt 0:00:06]} Re6 {[%emt 0:00:01]} 32. Nd5 {[%emt 0:00:09]} Nb3 {[%emt 0:00:08]} 33. Nc7 {[%emt 0:00:25]} Rf6+ {[%emt 0:00:01]} 34. Ke2 {[%emt 0:00:05]} Nxa5 {[%emt 0:00:06]} 35. Nxa6 {[%emt 0:00:02]} Nc4 {[%emt 0:00:02]} 36. b3 {[%emt 0:00:02]} Re6+ {[%emt 0:00:01]} 37. Kf2 {[%emt 0:00:03]} Na5 {[%emt 0:00:17]} 38. b4 {[%emt 0:00:13]} Nc4 {[%emt 0:00:05]} 39. Nc7 {[%emt 0:00:15]} Re5 {[%emt 0:00:04]} 40. Rd4 {[%emt 0:00:02]} Rf5+ {[%emt 0:00:06]} 41. Ke2 {[%emt 0:00:03]} Re5+ {[%emt 0:00:01]} 42. Kf2 {[%emt 0:00:01]} Ne3 {[%emt 0:00:09]} 43. Rxd6 {[%emt 0:00:20]} Ng4+ {[%emt 0:00:01]} 44. Kg3 {[%emt 0:00:01]} h5 {[%emt 0:00:03]} 45. Rd3 {[%emt 0:00:01]} Kg7 {[%emt 0:00:08]} 46. Nd5 {[%emt 0:00:09]} g5 {[%emt 0:00:06]} 47. h3 {[%emt 0:00:02]} Nh6 {[%emt 0:00:01]} 48. Nc7 {[%emt 0:00:07]} Nf5+ {[%emt 0:00:02]} 49. Kf3 {[%emt 0:00:01]} Nh4+ {[%emt 0:00:08]} 50. Kf2 {[%emt 0:00:03]} Rf5+ {[%emt 0:00:07]} 51. Kg1 {[%emt 0:00:04]} Re5 {[%emt 0:00:03]} 52. Kf2 {[%emt 0:00:07]} Rf5+ {[%emt 0:00:10]} 53. Kg1 {[%emt 0:00:02]} Re5 {[%emt 0:00:05]} 54. Kf2 {[%emt 0:00:19]} 1/2-1/2

[Event "Polgar Challenge 2021"]
[Site "Online"]
[Date "2021.04.04"]
[Round "12.7"]
[White "Yip, Carissa"]
[Black "Bjerre, Jonas Buhl"]
[Result "0-1"]
[WhiteElo "2430"]
[BlackElo "2550"]
[Annotator "ChessBase"]
[PlyCount "56"]
[EventDate "2021.04.08"]
[EventType "tourn"]
[EventCountry "NET"]
[SourceTitle "playchess.com"]
[Source "ChessBase"]
[SourceQuality "1"]
[TimeControl "600+5"]

1. e4 {[%emt 0:00:00]} c5 {[%emt 0:00:00]} 2. Nf3 {[%emt 0:00:00]} d6 {[%emt 0:00:00]} 3. d4 {[%emt 0:00:02]} cxd4 {[%emt 0:00:00]} 4. Nxd4 {[%emt 0:00:00]} Nf6 {[%emt 0:00:00]} 5. Nc3 {[%emt 0:00:01]} a6 {[%emt 0:00:00]} 6. Be3 {[%emt 0:00:01]} e5 {[%emt 0:00:04]} 7. Nf3 {[%emt 0:00:01]} Be7 {[%emt 0:00:02]} 8. Bc4 {[%emt 0:00:03]} O-O {[%emt 0:00:02]} 9. O-O {[%emt 0:00:03]} Nc6 {[%emt 0:00:02]} 10. Re1 {[%emt 0:00:13]} Be6 {[%emt 0:00:34]} 11. Bxe6 {[%emt 0:01:18]} fxe6 {[%emt 0:00:02]} 12. Ng5 {[%emt 0:00:01]} Qd7 {[%emt 0:00:24]} 13. Na4 {[%emt 0:00:16]} Bd8 {[%emt 0:00:23]} 14. Nb6 {[%emt 0:00:02]} Bxb6 {[%emt 0:00:04]} 15. Bxb6 {[%emt 0:00:00]} Ne7 {[%emt 0:00:50]} 16. c3 {[%emt 0:00:15]} h6 {[%emt 0:00:20]} 17. Nf3 {[%emt 0:00:02]} Ng6 {[%emt 0:00:42]} 18. Be3 {[%emt 0:00:13]} Nxe4 {[%emt 0:01:36]} 19. Bxh6 {[%emt 0:01:34]} Nxf2 {[%emt 0:01:14]} 20. Qc2 {[%emt 0:00:05]} e4 {[%emt 0:00:41]} 21. Kxf2 {[%emt 0:00:12]} d5 {[%emt 0:01:02]} 22. Rxe4 {[%emt 0:00:58]} dxe4 {[%emt 0:00:13]} 23. Qxe4 {[%emt 0:00:01]} Rf5 {[%emt 0:00:24]} 24. Be3 {[%emt 0:00:38]} Ne5 {[%emt 0:00:17]} 25. Bd4 {[%emt 0:00:48]} Nxf3 {[%emt 0:00:18]} 26. gxf3 {[%emt 0:00:00]} Raf8 {[%emt 0:00:15]} 27. Rg1 {[%emt 0:00:02]} e5 {[%emt 0:00:21]} 28. Be3 {[%emt 0:01:07]} Rxf3+ {[%emt 0:00:23]} 0-1

[Event "Polgar Challenge 2021"]
[Site "Online"]
[Date "2021.04.04"]
[Round "12.8"]
[White "Praggnanandhaa R"]
[Black "Shuvalova, Polina"]
[Result "1-0"]
[WhiteElo "2608"]
[BlackElo "2476"]
[Annotator "TA"]
[PlyCount "77"]
[EventDate "2021.04.08"]
[EventType "tourn"]
[EventCountry "NET"]
[SourceTitle "playchess.com"]
[Source "ChessBase"]
[SourceQuality "1"]

{[%evp 24,77,8,-5,27,27,28,30,39,20,29,35,31,31,22,28,49,54,54,57,46,49,86,52,52,55,51,54,222,230,218,214,244,245,239,243,240,248,243,209,216,206,340,316,739,701,716,722,643,493,556,505,1191,1068,1293,1214]} 1. Nf3 Nf6 2. g3 d5 3. Bg2 e6 4. O-O Be7 5. c4 O-O 6. b3 b6 7. Bb2 Bb7 8. cxd5 Nxd5 9. d4 Nf6 10. Na3 Nbd7 {[%cal Bb8d7,Bd7c5,Bc5d3][%mdl 32]} 11. Rc1 c5 12. Nc4 Rc8 13. e3 {13.Re1 is a critical line.} cxd4 {E17: Queen's Indian: 4 g3 Bb7 5 Bg2 Be7.} 14. Nxd4 Bxg2 15. Kxg2 Nc5 {White has an edge.} 16. Qf3 Nd3 17. Nc6 Rxc6 18. Qxc6 {[#] Strongly threatening Rcd1.} Nxc1 19. Rxc1 Qd5+ 20. Qxd5 Nxd5 {[#]} 21. Ne5 $146 ({Predecessor:} 21. e4 Nf6 22. Kf3 Rc8 23. Ne5 Rxc1 24. Bxc1 Bc5 25. Be3 Bxe3 26. Kxe3 Kf8 27. Kd4 Ke8 28. b4 {1-0 (50) Abramovic,B (2375)-Konstantinov,A (2091) Paracin 2019}) 21... Bd6 22. Nc6 a5 23. Bd4 f5 $1 24. f3 Ba3 25. Rc2 Bc5 $2 {[#] A mistake that costs the game.} (25... b5 $14) 26. Bxc5 $18 bxc5 27. Rxc5 {[%mdl 4096] Endgame KRN-KRN} a4 28. bxa4 Nxe3+ 29. Kf2 Nd5 30. a5 Ra8 31. Ke2 Kf7 32. Kd3 Ra6 (32... Ke8 $142 33. Kc4 Kd7 34. Ne5+ Kd6) 33. Kc4 Kf6 $2 (33... Ra8 34. Rb5 g5) 34. Nb4 {White is clearly winning.} Nxb4 35. Kxb4 Ra8 36. f4 Rb8+ 37. Rb5 Rd8 (37... Ra8 $142 38. Rb6 Ke7) 38. a6 Rd2 39. a4 {Weighted Error Value: White=0.19/Black=0.27} 1-0

[Event "Polgar Challenge 2021"]
[Site "Online"]
[Date "2021.04.04"]
[Round "12.9"]
[White "Salimova, Nurgyul"]
[Black "Yoo, Christopher Woojin"]
[Result "1/2-1/2"]
[WhiteElo "2397"]
[BlackElo "2455"]
[Annotator "ChessBase"]
[PlyCount "78"]
[EventDate "2021.04.08"]
[EventType "tourn"]
[EventCountry "NET"]
[SourceTitle "playchess.com"]
[Source "ChessBase"]
[SourceQuality "1"]
[TimeControl "600+5"]

1. d4 {[%emt 0:00:00]} Nf6 {[%emt 0:00:00]} 2. Nf3 {[%emt 0:00:00]} e6 {[%emt 0:00:00]} 3. c4 {[%emt 0:00:10]} d5 {[%emt 0:00:02]} 4. g3 {[%emt 0:00:03]} Be7 {[%emt 0:00:04]} 5. Bg2 {[%emt 0:00:02]} O-O {[%emt 0:00:01]} 6. Nc3 {[%emt 0:00:01]} dxc4 {[%emt 0:01:19]} 7. Ne5 {[%emt 0:00:03]} c5 {[%emt 0:00:17]} 8. dxc5 {[%emt 0:00:21]} Qc7 {[%emt 0:01:14]} 9. Nxc4 {[%emt 0:00:22]} Qxc5 {[%emt 0:00:11]} 10. Qb3 {[%emt 0:02:10]} Nc6 {[%emt 0:00:46]} 11. Be3 {[%emt 0:00:18]} Qh5 {[%emt 0:00:06]} 12. h3 {[%emt 0:00:29]} e5 {[%emt 0:01:29]} 13. g4 {[%emt 0:00:14]} Qh4 {[%emt 0:00:04]} 14. Nd2 {[%emt 0:01:47]} Nd4 {[%emt 0:00:46]} 15. Bxd4 {[%emt 0:00:28]} exd4 {[%emt 0:00:06]} 16. Nf3 {[%emt 0:00:04]} Qh6 {[%emt 0:00:18]} 17. g5 {[%emt 0:00:20]} Qg6 {[%emt 0:00:12]} 18. gxf6 {[%emt 0:00:29]} Be6 {[%emt 0:00:18]} 19. Nd5 {[%emt 0:01:49]} Bd6 {[%emt 0:01:20]} 20. Kf1 {[%emt 0:00:29]} Qe4 {[%emt 0:01:11]} 21. Nd2 {[%emt 0:01:04]} Qh4 {[%emt 0:00:16]} 22. Qf3 {[%emt 0:00:11]} g6 {[%emt 0:00:33]} 23. Rd1 {[%emt 0:00:22]} Kh8 {[%emt 0:00:14]} 24. Qe4 {[%emt 0:00:12]} Qh5 {[%emt 0:00:38]} 25. Nf4 {[%emt 0:00:17]} Bxf4 {[%emt 0:00:14]} 26. Qxf4 {[%emt 0:00:00]} d3 {[%emt 0:00:11]} 27. Qf3 {[%emt 0:00:14]} dxe2+ {[%emt 0:00:06]} 28. Qxe2 {[%emt 0:00:01]} Qf5 {[%emt 0:00:03]} 29. Qf3 {[%emt 0:00:16]} Qc2 {[%emt 0:00:07]} 30. Ne4 {[%emt 0:00:07]} Bc4+ {[%emt 0:00:09]} 31. Kg1 {[%emt 0:00:02]} Be2 {[%emt 0:00:02]} 32. Qf4 {[%emt 0:00:04]} Qxd1+ {[%emt 0:00:05]} 33. Kh2 {[%emt 0:00:01]} Qd4 {[%emt 0:00:11]} 34. Qh6 {[%emt 0:00:07]} Rg8 {[%emt 0:00:02]} 35. Ng5 {[%emt 0:00:05]} Qf4+ {[%emt 0:00:08]} 36. Kg1 {[%emt 0:00:00]} Qc1+ {[%emt 0:00:04]} 37. Kh2 {[%emt 0:00:01]} Qf4+ {[%emt 0:00:01]} 38. Kg1 {[%emt 0:00:01]} Qc1+ {[%emt 0:00:01]} 39. Kh2 {[%emt 0:00:01]} Qf4+ {[%emt 0:00:03]} 1/2-1/2